000 00874nam a2200253Ia 4500
003 OSt
005 20220923211507.0
006 a|||||r|||| 00| 0
007 ta
008 220922b |||||||| |||| 00| 0 pan d
020 _a9789352312627 (hbk)
_c550
024 _a335,821
037 _bSP/5382, 17/03/2018, Star Publications (Pvt.) Ltd.
_cTextual
040 _aARTS
_cARTS
_bpan
041 _2pan
_apan
082 _aNR4443, 153Q8
100 _aਭੌਰਾ, ਐਸ. ਅFੋਕ, ਂਚ.
_9160627
245 0 _aਵਿਚੋ੍ਵ ਵਿਚ ਦੀ
260 _aਸਮਾਣਾ
_b ਸੰਗਮ ਪਬਲੀਕੇFਨਗ਼
_c2018
300 _a431ਪ0
_ccm.
650 _aਸੰਗੀਤ
942 _hNR4443, 153Q8
_cTEXL
_2CC
999 _c300119
_d300119